000 00838nam a22002177a 4500
999 _c20373
_d20373
003 AR-CdUCM
008 190529b ||||| |||| 00| 0 spa d
040 _aMUNICIPALIDAD PROVINCIAL DEL CUSCO
_cBIBLIOTECA MUNICIPAL DEL CUSCO
082 _a869.01 /
_bE27
110 _aOrganizadores del II encuentro nacional de poetas
_942606
245 _aEfervescente Embriaguez /
260 _aLima :
_bMaribelina,
_c1989.
300 _a122 páginas ;
_bIlustraciones a b/n,
_c21 cm.
500 _aCon el auspicio de Concytec
505 _aContenido : Adhesiones: Roberto Fernández Retamar - Cuba -- Introducción al II encuentro nacional de poetas, por Martín Fierro Zapata -- Guillermo Burton Rodríguez - Bolivia...
650 _aPoetas
_91966
650 _aPoemas
_9929
650 _aPoesía
_9139
942 _2ddc
_cLIBROS
945 _aandy